书目信息 |
| 题名: |
食品物理化学
|
|
| 作者: | 张佳程 , 师进生 主编 | |
| 分册: | ||
| 出版信息: | 北京 中国轻工业出版社 2007.08 |
|
| 页数: | 256页 | |
| 开本: | 26cm | |
| 丛书名: | ||
| 单 册: | ||
| 中图分类: | TS201.2 | |
| 科图分类: | ||
| 主题词: | 食品化学--shi pin hua xue--物理化学--高等学校--教材 | |
| 电子资源: | ||
| ISBN: | 978-7-5019-5956-3 | |
| 000 | 01035nam0 2200289 450 | |
| 001 | 012008217711 | |
| 005 | 20080222090235.32 | |
| 010 | @a978-7-5019-5956-3@dCNY28.00 | |
| 100 | @a20080220d2007 em y0chiy0120 ea | |
| 101 | 0 | @achi |
| 102 | @aCN@b110000 | |
| 105 | @aa a 000yy | |
| 106 | @ar | |
| 200 | 1 | @a食品物理化学@Ashi pin wu li hua xue@f张佳程, 师进生主编@Fzhang jia cheng,shi jin sheng zhu bian |
| 210 | @a北京@c中国轻工业出版社@d2007.08 | |
| 215 | @a256页@c图@d26cm | |
| 300 | @a青岛利邦食品添加剂有限公司·科技创新基金资助出版 高等学校专业教材 | |
| 312 | @a英文并列题名取自封面 | |
| 320 | @a有书目 | |
| 330 | @a本书分为五章,内容包括食品热力学基础、食品动力学基础、食品晶体学基础、食品表面与胶体化学、食品高分子。 | |
| 510 | 1 | @aFood physical chemistry@zeng |
| 606 | 0 | @a食品化学@Ashi pin hua xue@x物理化学@x高等学校@j教材 |
| 690 | @aTS201.2@v4 | |
| 701 | 0 | @a张佳程@Azhang jia cheng@4主编 |
| 701 | 0 | @a师进生@Ashi jin sheng@4主编 |
| 801 | 0 | @aCN@bQSSK@c20080222 |
| 905 | @b281642-43@dTS201.2@eZ120@f2 | |
| 食品物理化学/张佳程, 师进生主编.-北京:中国轻工业出版社,2007.08 |
| 256页:图;26cm |
| 青岛利邦食品添加剂有限公司·科技创新基金资助出版 高等学校专业教材 |
| ISBN 978-7-5019-5956-3:CNY28.00 |
| 本书分为五章,内容包括食品热力学基础、食品动力学基础、食品晶体学基础、食品表面与胶体化学、食品高分子。 |
| ● |
| 相关链接 |
|
|
|
正题名:食品物理化学
索取号:TS201.2/Z120
 
预约/预借
| 序号 | 登录号 | 条形码 | 馆藏地/架位号 | 状态 | 备注 |
| 1 | 281642 | 202816426 | 自科库501/501自科库 41排6列3层/ [索取号:TS201.2/Z120] | 在馆 | |
| 2 | 281643 | 202816435 | 自科库501/501自科库 41排6列3层/ [索取号:TS201.2/Z120] | 在馆 |